[Event "4NCL Division 2d"]
[Site "Telford, ENG"]
[Date "2019.03.17"]
[Round "8.58"]
[White "Hylands, Liam M"]
[Black "Jukes, Sam"]
[Result "1-0"]
[WhiteElo "2080"]
[BlackElo "1913"]
[PlyCount "95"]
[EventDate "2019.03.17"]
[WhiteTeam "The ADs"]
[BlackTeam "West is Best 2"]

1. e4 e5 2. Nf3 Nc6 3. d4 exd4 4. Nxd4 Nf6 5. Nxc6 bxc6 6. e5 Qe7 7. Qe2 Nd5 8.
c4 Ba6 9. b3 O-O-O 10. Qe4 Nb4 11. a3 f5 12. Qxf5 g6 13. Qe4 d5 14. Qe2 Nd3+
15. Qxd3 Qxe5+ 16. Be2 Qxa1 17. O-O Qf6 18. Qc2 Bg7 19. cxd5 Bxe2 20. Qxe2 cxd5
21. Bd2 Rhe8 22. Qg4+ Qe6 23. Qa4 Qb6 24. Ba5 Qd4 25. Qc6 Be5 26. Nc3 Qf4 27.
g3 Qf7 28. Nb5 Re6 29. Qa8+ Kd7 30. Qxd5+ Ke8 31. Qc4 Re7 32. Qc6+ Kf8 33. Bb4
Bd6 34. Nxd6 cxd6 35. Bxd6 Rxd6 36. Qxd6 Qxb3 37. Re1 Qb7 38. Qxe7+ Qxe7 39.
Rxe7 Kxe7 40. f4 Ke6 41. Kf2 Kd5 42. Ke3 a5 43. Kd3 h5 44. h3 a4 45. g4 hxg4
46. hxg4 Kc5 47. Ke4 Kc4 48. f5 1-0

[Event "4NCL Division 2d"]
[Site "Telford, ENG"]
[Date "2019.03.17"]
[Round "8.61"]
[White "Isaakidis, Alexandros"]
[Black "Pitcher, John"]
[Result "0-1"]
[WhiteElo "2188"]
[BlackElo "2260"]
[PlyCount "126"]
[EventDate "2019.03.17"]
[WhiteTeam "Wessex A"]
[BlackTeam "Warwickshire Select 1"]

1. e4 c5 2. Nf3 e6 3. d4 cxd4 4. Nxd4 Nc6 5. Nc3 Qc7 6. Be3 a6 7. Qf3 b5 8.
O-O-O Bb7 9. Qg3 Qxg3 10. hxg3 Rc8 11. f3 Bc5 12. Nf5 Bxe3+ 13. Nxe3 f6 14. Be2
Nh6 15. Rd2 Ke7 16. Rhd1 Rhd8 17. Kb1 Na5 18. Rc1 Nf7 19. a4 b4 20. Na2 b3 21.
Nb4 Ne5 22. c3 Ra8 23. Rcd1 d6 24. Kc1 Nec6 25. Nd3 Rac8 26. Rh1 h6 27. Rh5 Ne5
28. Nb4 Rc5 29. g4 Ra8 30. Rh1 Nac6 31. Kb1 a5 32. Nxc6+ Bxc6 33. Rd4 Rb8 34.
Rhd1 Rd8 35. R1d2 Be8 36. Bd1 Nc6 37. Rc4 Rb8 38. Rxc5 dxc5 39. Nc4 Ne5 40.
Nxa5 Bxa4 41. f4 Rb5 42. fxe5 Rxa5 43. c4 fxe5 44. Rd3 Ra8 45. Bxb3 Bc6 46. Bc2
Rf8 47. Rf3 Rxf3 48. gxf3 Kf6 49. Ka2 Kg5 50. Ka3 g6 51. b4 cxb4+ 52. Kxb4 h5
53. gxh5 gxh5 54. Bd3 Kf4 55. Kc5 Ba4 56. Kd6 h4 57. Bf1 Bd1 58. Bg2 Be2 59. c5
Bb5 60. Kxe6 Kg3 61. Bh1 Kh2 62. Kxe5 Kxh1 63. Kf4 Kg2 0-1

[Event "4NCL Division 2d"]
[Site "Telford, ENG"]
[Date "2019.03.17"]
[Round "8.62"]
[White "Thomas, Nicholas"]
[Black "Gill, Oliver"]
[Result "0-1"]
[WhiteElo "2209"]
[BlackElo "2101"]
[PlyCount "88"]
[EventDate "2019.03.17"]
[WhiteTeam "Warwickshire Select 1"]
[BlackTeam "Wessex A"]

1. e4 e5 2. Nf3 Nf6 3. Nxe5 d6 4. Nf3 Nxe4 5. d3 Nf6 6. d4 Bg4 7. h3 Bh5 8. Be2
Be7 9. O-O O-O 10. Re1 Re8 11. Nc3 Nbd7 12. Be3 Bf8 13. Qd2 d5 14. g3 Ne4 15.
Nxe4 dxe4 16. Nh2 Bxe2 17. Qxe2 Bd6 18. Qb5 Rb8 19. Bg5 a6 20. Qf5 g6 21. Qg4
h5 22. Qh4 f6 23. Bd2 f5 24. Bg5 Be7 25. Bxe7 Qxe7 26. Qxe7 Rxe7 27. Nf3 Nf8
28. Ng5 Ne6 29. Nxe6 Rxe6 30. f3 Rbe8 31. Kf2 f4 32. fxe4 Rxe4 33. Rxe4 Rxe4
34. c3 g5 35. Re1 Rxe1 36. Kxe1 Kf7 37. Ke2 Ke6 38. Kf3 Kf5 39. d5 g4+ 40.
hxg4+ hxg4+ 41. Ke2 Ke4 42. c4 Kd4 43. b3 b6 44. a4 a5 0-1

[Event "4NCL Division 2d"]
[Site "Telford, ENG"]
[Date "2019.03.17"]
[Round "8.63"]
[White "Wilson, Jaimie"]
[Black "Hanley, James L"]
[Result "1-0"]
[WhiteElo "2096"]
[BlackElo "2186"]
[PlyCount "129"]
[EventDate "2019.03.17"]
[WhiteTeam "Wessex A"]
[BlackTeam "Warwickshire Select 1"]

1. Nf3 Nf6 2. c4 g6 3. Nc3 Bg7 4. e4 d6 5. d4 O-O 6. h3 e5 7. d5 a5 8. Be3 Na6
9. Be2 Nh5 10. g3 Qe8 11. Nd2 Nf6 12. a3 Bd7 13. Qc2 Kh8 14. g4 Ng8 15. f3 Ne7
16. g5 f5 17. O-O-O a4 18. h4 f4 19. Bf2 Rb8 20. Bf1 c6 21. Bh3 cxd5 22. Bxd7
Qxd7 23. exd5 Rfc8 24. h5 Kg8 25. hxg6 hxg6 26. Ba7 Ra8 27. Bb6 Nf5 28. Qxa4
Qf7 29. Qb3 Nd4 30. Bxd4 exd4 31. Nce4 Be5 32. Kb1 Rc7 33. Qd3 Qf5 34. Rh6 Rg7
35. Rdh1 Rc8 36. Nf6+ Bxf6 37. Qxf5 gxf5 38. gxf6 Rgc7 39. R1h5 Nc5 40. Rxf5
Kf7 41. b4 Na4 42. Rh7+ Kg6 43. Rxc7 Rxc7 44. Rxf4 Nc3+ 45. Kb2 Ne2 46. Re4 d3
47. Re7 Rxe7 48. fxe7 Kf7 49. Ne4 Kxe7 50. Nf2 d2 51. Kc2 Nd4+ 52. Kxd2 Nxf3+
53. Kc3 Kd7 54. Ng4 Ng5 55. c5 Ne4+ 56. Kd3 Nd2 57. Nf6+ Ke7 58. c6 bxc6 59.
dxc6 Kd8 60. Ne4 Nb1 61. a4 Kc7 62. b5 Na3 63. Kc3 d5 64. Nd2 Kb6 65. Kb3 1-0

[Event "4NCL Division 2d"]
[Site "Telford, ENG"]
[Date "2019.03.17"]
[Round "8.64"]
[White "Brooks, Phil J"]
[Black "Lukosius, Rolandas"]
[Result "1-0"]
[WhiteElo "2181"]
[BlackElo "2072"]
[PlyCount "72"]
[EventDate "2019.03.17"]
[WhiteTeam "Warwickshire Select 1"]
[BlackTeam "Wessex A"]

1. d4 Nf6 2. c4 g6 3. Nc3 Bg7 4. e4 d6 5. Nge2 O-O 6. Ng3 e5 7. d5 Ng4 8. Be2
Qh4 9. h3 Nxf2 10. Kxf2 f5 11. Kg1 Qxg3 12. h4 f4 13. Bf3 Bf6 14. Ne2 Qxh4 15.
Rxh4 Bxh4 16. Nc3 Nd7 17. Bd2 h5 18. Be1 Be7 19. Bf2 a6 20. b4 Kg7 21. Rc1 Rh8
22. Kf1 g5 23. Ke1 Nf6 24. c5 g4 25. Be2 h4 26. Kd2 Bd7 27. Qc2 h3 28. gxh3
Rxh3 29. Rg1 Rh2 30. Ke1 Kf7 31. c6 bxc6 32. dxc6 Bxc6 33. Nd5 Bxd5 34. exd5
Rg8 35. Qf5 g3 36. Qe6+ Kf8 {Unable to read scoresheet.} 1-0

[Event "4NCL Division 2d"]
[Site "Telford, ENG"]
[Date "2019.03.17"]
[Round "8.65"]
[White "Pleasants, Allan J"]
[Black "Page, Mark E"]
[Result "1-0"]
[WhiteElo "2065"]
[BlackElo "2111"]
[PlyCount "81"]
[EventDate "2019.03.17"]
[WhiteTeam "Wessex A"]
[BlackTeam "Warwickshire Select 1"]

1. d4 Nf6 2. Nf3 g6 3. g3 Bg7 4. Bg2 O-O 5. O-O d6 6. c4 Nbd7 7. Nc3 e5 8. h3
exd4 9. Nxd4 Re8 10. e4 a6 11. Bg5 h6 12. Be3 Rb8 13. Qc1 Nc5 14. Qc2 Qe7 15.
Nd5 Nxd5 16. exd5 Bd7 17. Rfe1 Bxd4 18. Bxd4 Qxe1+ 19. Rxe1 Rxe1+ 20. Kh2 Rbe8
21. Qd2 Kh7 22. Qf4 f5 23. Bxc5 dxc5 24. Qxc7 R8e7 25. d6 Rg7 26. Qxc5 b5 27.
Bd5 Rd1 28. b3 f4 29. gxf4 Rd3 30. f3 Rd2+ 31. Kg3 Rxa2 32. Qe3 bxc4 33. bxc4
h5 34. h4 Rc2 35. Qb3 Bf5 36. Be4 Rd2 37. c5 Rd4 38. Qc3 Bxe4 39. fxe4 Rxe4 40.
c6 Rf7 41. d7 1-0

[Event "4NCL Division 2d"]
[Site "Telford, ENG"]
[Date "2019.03.17"]
[Round "8.66"]
[White "Shephard, Chris C W"]
[Black "Mcleod, Fraser"]
[Result "1-0"]
[WhiteElo "2176"]
[BlackElo "2077"]
[PlyCount "81"]
[EventDate "2019.03.17"]
[WhiteTeam "Warwickshire Select 1"]
[BlackTeam "Wessex A"]

1. c4 c5 2. Nf3 Nf6 3. d4 cxd4 4. Nxd4 b6 5. Nc3 Bb7 6. f3 e6 7. Nc2 d6 8. e4
Be7 9. Be2 O-O 10. O-O a6 11. Be3 Qc7 12. Rc1 Rd8 13. Qe1 Nbd7 14. Qf2 Rac8 15.
Rfd1 Kf8 16. Kh1 Kg8 17. Bf1 Kf8 18. Na1 Kg8 19. a3 Kf8 20. b4 Kg8 21. Na4 Rb8
22. Nxb6 Ne5 23. Na4 Rdc8 24. Nb3 h6 25. Na5 Bxe4 26. Bb6 Qd7 27. Nc5 Qe8 28.
Nxe4 Nxe4 29. fxe4 Bg5 30. Rc3 Ng4 31. Qg1 Bf4 32. g3 Qa4 33. Be2 Be5 34. Bd4
Bxd4 35. Rxd4 Nf6 36. Bf3 d5 37. exd5 e5 38. Rd2 e4 39. Bg2 Qe8 40. Bh3 Qe5 41.
Qd4 1-0

[Event "4NCL Division 2d"]
[Site "Telford, ENG"]
[Date "2019.03.17"]
[Round "8.67"]
[White "De Coverly, Roger D"]
[Black "Mason, Donald J"]
[Result "1/2-1/2"]
[WhiteElo "1958"]
[BlackElo "2062"]
[PlyCount "84"]
[EventDate "2019.03.17"]
[WhiteTeam "Wessex A"]
[BlackTeam "Warwickshire Select 1"]

1. e4 e6 2. d4 d5 3. exd5 exd5 4. c4 Bb4+ 5. Nc3 Ne7 6. Bd3 Nbc6 7. Nge2 Be6 8.
c5 Qd7 9. a3 Bxc3+ 10. bxc3 Bf5 11. O-O O-O 12. Nf4 Rfe8 13. Bb5 Ng6 14. h3 Re4
15. Nxg6 Bxg6 16. Qf3 Re6 17. Qg3 a6 18. Bxc6 bxc6 19. Bf4 Be4 20. f3 Rg6 21.
Qh4 Bf5 22. Kh2 Rb8 23. Rf2 h6 24. g4 Bb1 25. Qg3 h5 26. Qg1 Bf5 27. Rg2 hxg4
28. hxg4 Qe7 29. Qf2 Bd3 30. Re1 Re6 31. Rxe6 Qxe6 32. Qg3 Rb1 33. g5 Qf5 34.
Qg4 Qh7+ 35. Kg3 Bf5 36. Qh4 Qxh4+ 37. Kxh4 Rb3 38. Bxc7 Rxc3 39. a4 Rxf3 40.
Rg3 Rxg3 41. Kxg3 Bc2 42. a5 f6 1/2-1/2

[Event "4NCL Division 2d"]
[Site "Telford, ENG"]
[Date "2019.03.17"]
[Round "8.68"]
[White "Sandhu, Manvith"]
[Black "Jaufarally, Nadia"]
[Result "1-0"]
[WhiteElo "1742"]
[BlackElo "1895"]
[PlyCount "76"]
[EventDate "2019.03.17"]
[WhiteTeam "Warwickshire Select 1"]
[BlackTeam "Wessex A"]

1. e4 c5 2. Nf3 g6 3. c3 Bg7 4. d4 cxd4 5. cxd4 d5 6. e5 Bg4 7. Bb5+ Nd7 8.
Nbd2 e6 9. O-O Ne7 10. h3 Bxf3 11. Nxf3 O-O 12. Re1 a6 13. Ba4 b5 14. Bb3 Qb6
15. Bg5 Nc6 16. Rc1 Rac8 17. Re2 h6 18. Be3 Rc7 19. Rec2 Rfc8 20. Qd2 Kh7 21.
a3 Na5 22. Ba2 Nc4 23. Bxc4 bxc4 24. Qc3 Bf8 25. Rd1 a5 26. Bd2 a4 27. Bc1 Nb8
28. Nh2 Qb3 29. Bd2 Nc6 30. Rdc1 Na7 31. Qxb3 axb3 32. Rc3 Nb5 33. Re3 Nxd4 34.
Ba5 Nc2 35. Rf3 Ra7 36. Bd2 Nd4 37. Re3 Nf5 38. Rxb3 cxb3 1-0

[Event "4NCL Division 2d"]
[Site "Telford, ENG"]
[Date "2019.03.17"]
[Round "8.71"]
[White "Grieve, Harry"]
[Black "Polaczek, Richard"]
[Result "1-0"]
[WhiteElo "2251"]
[BlackElo "2380"]
[PlyCount "79"]
[EventDate "2019.03.17"]
[WhiteTeam "Guildford 3"]
[BlackTeam "Manchester Manticores 1"]

1. Nf3 Nf6 2. d4 e6 3. Bg5 d5 4. Nbd2 c5 5. e3 Qb6 6. Rb1 cxd4 7. exd4 Ne4 8.
Bf4 Nc6 9. c3 Bd6 10. Bxd6 Nxd6 11. Bd3 O-O 12. O-O Qc7 13. Qe2 f6 14. a3 Bd7
15. c4 Rae8 16. Rfe1 Nf7 17. Nf1 Qf4 18. Qe3 Qd6 19. Qd2 Bc8 20. cxd5 exd5 21.
Qc2 Rxe1 22. Bxh7+ Kh8 23. Rxe1 Qf4 24. Qc5 Rd8 25. Bg6 Ng5 26. Qxd5 Nxf3+ 27.
gxf3 Qg5+ 28. Qxg5 fxg5 29. d5 Nd4 30. Nd2 Bf5 31. Bxf5 Nxf5 32. Re5 Nd4 33.
Kg2 Rc8 34. Ne4 Kh7 35. Re7 Kh6 36. Rxb7 Ne2 37. d6 Rc1 38. h3 Nf4+ 39. Kh2 Rd1
40. Rb5 1-0

[Event "4NCL Division 2d"]
[Site "Telford, ENG"]
[Date "2019.03.17"]
[Round "8.72"]
[White "Mazek, Marek"]
[Black "Granat, Russell G"]
[Result "0-1"]
[WhiteElo "2117"]
[BlackElo "2210"]
[PlyCount "76"]
[EventDate "2019.03.17"]
[WhiteTeam "Manchester Manticores 1"]
[BlackTeam "Guildford 3"]

1. d4 d5 2. c4 Bf5 3. Nc3 e6 4. a3 c6 5. Nf3 Be7 6. cxd5 exd5 7. Bf4 Nd7 8. e3
Ngf6 9. h3 Ne4 10. Nxe4 Bxe4 11. Be2 g5 12. Bg3 h5 13. O-O Bf6 14. Nd2 Bg6 15.
Bd6 Nf8 16. Bb4 Ne6 17. a4 Qc7 18. g3 Bf5 19. Kg2 O-O-O 20. Rc1 Kb8 21. Bc3 Qe7
22. b4 Rdg8 23. Qb3 g4 24. hxg4 hxg4 25. b5 Nxd4 26. Bxd4 Be4+ 27. f3 gxf3+ 28.
Bxf3 Rxg3+ 29. Kf2 Rh2+ 30. Ke1 Bxd4 31. bxc6 Bb6 32. c7+ Bxc7 33. Bxe4 Ba5 34.
Rc2 Qxe4 35. Kd1 Bxd2 36. Rxd2 Rgg2 37. Rxg2 Qxg2 38. Qd3 Qb2 0-1

[Event "4NCL Division 2d"]
[Site "Telford, ENG"]
[Date "2019.03.17"]
[Round "8.73"]
[White "Stoyanov, Viktor"]
[Black "Peacock, Malcolm R"]
[Result "1-0"]
[WhiteElo "2213"]
[BlackElo "2087"]
[PlyCount "57"]
[EventDate "2019.03.17"]
[WhiteTeam "Guildford 3"]
[BlackTeam "Manchester Manticores 1"]

1. c4 c5 2. Nf3 Nc6 3. Nc3 g6 4. e3 Bg7 5. d4 cxd4 6. exd4 d6 7. Be2 Nf6 8. d5
Ne5 9. Nxe5 dxe5 10. Be3 b6 11. O-O O-O 12. Rc1 Bb7 13. Qb3 Rb8 14. Rfd1 Nd7
15. Qa3 f5 16. Bg5 Rf7 17. b4 h6 18. Bd2 Qc8 19. Be1 Kh8 20. Na4 Nf6 21. f3 Qg8
22. Nc3 g5 23. c5 a5 24. c6 axb4 25. Qxb4 Bc8 26. Bc4 Ne8 27. Nb5 Bf8 28. Qb2
Nd6 29. Qxe5+ 1-0

[Event "4NCL Division 2d"]
[Site "Telford, ENG"]
[Date "2019.03.17"]
[Round "8.74"]
[White "Hamer, Martyn"]
[Black "Osborne, Marcus E"]
[Result "1-0"]
[WhiteElo "2132"]
[BlackElo "2169"]
[PlyCount "87"]
[EventDate "2019.03.17"]
[WhiteTeam "Manchester Manticores 1"]
[BlackTeam "Guildford 3"]

1. d4 Nf6 2. c4 e6 3. Nf3 b6 4. g3 Bb4+ 5. Nbd2 O-O 6. Bg2 Bb7 7. O-O d6 8. Nb3
d5 9. c5 bxc5 10. dxc5 Qe7 11. Qc2 a5 12. a3 a4 13. axb4 axb3 14. Qb1 Rxa1 15.
Qxa1 Ba6 16. Re1 e5 17. Bg5 h6 18. Bxf6 Qxf6 19. Nd2 d4 20. Qa4 Qe6 21. b5 Bc8
22. c6 f5 23. Qxb3 Qxb3 24. Nxb3 Be6 25. Nd2 Rd8 26. Rc1 e4 27. Rc5 d3 28. e3
Rc8 29. f3 exf3 30. Bxf3 Kf7 31. Bd5 Re8 32. Kf2 Kf6 33. Bxe6 Kxe6 34. Nf3 Rd8
35. Nd4+ Kd6 36. Rxf5 g6 37. Rf6+ Kc5 38. Ke1 Rg8 39. Kd2 h5 40. Kxd3 g5 41.
Rf7 Kd6 42. h3 g4 43. h4 Rh8 44. b4 1-0

[Event "4NCL Division 2d"]
[Site "Telford, ENG"]
[Date "2019.03.17"]
[Round "8.75"]
[White "Chavannes, Ivar"]
[Black "Rahulan, Thivyaa"]
[Result "1-0"]
[WhiteElo "2093"]
[BlackElo "1975"]
[PlyCount "69"]
[EventDate "2019.03.17"]
[WhiteTeam "Guildford 3"]
[BlackTeam "Manchester Manticores 1"]

1. d4 f5 2. g3 g6 3. Bg2 Bg7 4. Nf3 Nf6 5. O-O O-O 6. b3 d6 7. Bb2 Qe8 8. c4 c6
9. Nbd2 Nbd7 10. Rc1 e5 11. dxe5 dxe5 12. Ba3 c5 13. e4 fxe4 14. Nxe4 Nxe4 15.
Qd5+ Kh8 16. Qxe4 Rb8 17. Rce1 b6 18. Bb2 Bb7 19. Qe3 Bxf3 20. Bxf3 Qe7 21. Bc6
Rf5 22. f4 Re8 23. Rd1 Rd8 24. Rd5 Nb8 25. g4 Rf7 26. Rxe5 Bxe5 27. Qxe5+ Qxe5
28. Bxe5+ Kg8 29. Bd5 Nd7 30. Bc3 Kf8 31. Bxf7 Kxf7 32. f5 g5 33. Rd1 Ke8 34.
f6 Nf8 35. f7+ 1-0

[Event "4NCL Division 2d"]
[Site "Telford, ENG"]
[Date "2019.03.17"]
[Round "8.76"]
[White "Niedbal, Piotr"]
[Black "Punnett, Alan K"]
[Result "1/2-1/2"]
[WhiteElo "2020"]
[BlackElo "1986"]
[PlyCount "36"]
[EventDate "2019.03.17"]
[WhiteTeam "Manchester Manticores 1"]
[BlackTeam "Guildford 3"]

1. e4 e6 2. d4 d5 3. Nd2 Be7 4. c3 dxe4 5. Nxe4 Nf6 6. Bd3 Nbd7 7. Nf3 Nxe4 8.
Bxe4 Nf6 9. Bc2 O-O 10. O-O c5 11. Qd3 cxd4 12. Nxd4 Qd5 13. Qg3 Bd6 14. Qh4
Qh5 15. Qxh5 Nxh5 16. Rd1 a6 17. h3 Bc7 18. Be3 Nf6 1/2-1/2

[Event "4NCL Division 2d"]
[Site "Telford, ENG"]
[Date "2019.03.17"]
[Round "8.77"]
[White "Shepley, Julien M"]
[Black "Mulleady, Peter J"]
[Result "1-0"]
[WhiteElo "1931"]
[BlackElo "1990"]
[PlyCount "44"]
[EventDate "2019.03.17"]
[WhiteTeam "Guildford 3"]
[BlackTeam "Manchester Manticores 1"]

1. e4 c5 2. Nf3 Nc6 3. c3 Nf6 4. e5 Nd5 5. Bc4 e6 6. O-O Nb6 7. Bb3 d6 8. exd6
Bxd6 9. Re1 Bf4 10. Na3 a6 11. d4 Bxc1 12. Rxc1 cxd4 13. cxd4 Nd5 14. Bxd5 Qxd5
15. Nc4 Qd8 16. d5 Ne7 17. d6 Nc6 18. Nfe5 b5 19. Qf3 Ra7 20. d7+ Rxd7 21. Nd6+
Ke7 22. Nxc8+ Qxc8 1-0

[Event "4NCL Division 2d"]
[Site "Telford, ENG"]
[Date "2019.03.17"]
[Round "8.78"]
[White "Newton, Robert A"]
[Black "Stimpson, Philip M"]
[Result "0-1"]
[WhiteElo "2035"]
[BlackElo "1910"]
[PlyCount "130"]
[EventDate "2019.03.17"]
[WhiteTeam "Manchester Manticores 1"]
[BlackTeam "Guildford 3"]

1. d4 Nf6 2. c4 e5 3. dxe5 Ng4 4. a3 Nc6 5. e3 Ngxe5 6. Nc3 d6 7. f4 Ng6 8. Bd3
Nh4 9. g3 Nf5 10. Qf3 g6 11. Nge2 Bg7 12. Rb1 O-O 13. O-O Nh6 14. Qg2 Re8 15.
b4 a6 16. h3 Nf5 17. e4 Nfd4 18. Bd2 Nxe2+ 19. Nxe2 Nd4 20. Nxd4 Bxd4+ 21. Kh2
Bd7 22. g4 h6 23. Rfe1 Kh7 24. Bc1 Qh4 25. Qg3 Qxg3+ 26. Kxg3 Kg7 27. Re2 a5
28. b5 b6 29. h4 f6 30. Bb2 Bxb2 31. Rexb2 f5 32. gxf5 gxf5 33. Kf3 fxe4+ 34.
Bxe4 Bg4+ 35. Kxg4 Rxe4 36. Kf5 Rxc4 37. Ke6 Re8+ 38. Kd7 Kf7 39. Rg2 Re7+ 40.
Kd8 Ree4 41. Rg4 d5 42. h5 Re6 43. Rbg1 Rd6+ 44. Kc8 d4 45. Rg7+ Ke6 46. R1g6+
Kd5 47. Rxc7 Rxc7+ 48. Kxc7 Rxg6 49. hxg6 Ke6 50. Kxb6 d3 51. Kxa5 d2 52. f5+
Kf6 53. a4 d1=Q 54. b6 Qb3 55. g7 Kxg7 56. f6+ Kf8 57. f7 Qxf7 58. Kb5 Qd7+ 59.
Kb4 Qc6 60. Ka5 h5 61. b7 Qc7+ 62. Ka6 Qb8 63. a5 Ke7 64. Kb6 Kd7 65. a6 Qd8+
0-1

[Event "4NCL Division 2d"]
[Site "Telford, ENG"]
[Date "2019.03.17"]
[Round "8.81"]
[White "Munshi, Aditya"]
[Black "Bak, Christopher"]
[Result "0-1"]
[WhiteElo "2163"]
[BlackElo "2034"]
[PlyCount "50"]
[EventDate "2019.03.17"]
[WhiteTeam "Grantham Sharks 2"]
[BlackTeam "Bradford DCA Knights A"]

1. e4 e6 2. d4 d5 3. Nd2 Nf6 4. e5 Nfd7 5. Bd3 c5 6. c3 Nc6 7. Ne2 cxd4 8. cxd4
f6 9. exf6 Nxf6 10. Nf3 Bd6 11. O-O Qc7 12. Nc3 a6 13. Bd2 O-O 14. Rc1 g6 15.
h3 Qg7 16. Re1 Nh5 17. Be3 Bd7 18. Bb1 Rf6 19. Nh2 Nf4 20. Ng4 Rf7 21. Ne2 h5
22. Nh2 Raf8 23. a3 Na5 24. Nxf4 Bxf4 25. Nf3 Bb8 0-1

[Event "4NCL Division 2d"]
[Site "Telford, ENG"]
[Date "2019.03.17"]
[Round "8.82"]
[White "Drabble, Andrew"]
[Black "Purton, Ben J"]
[Result "1/2-1/2"]
[WhiteElo "2085"]
[BlackElo "2126"]
[PlyCount "41"]
[EventDate "2019.03.17"]
[WhiteTeam "Bradford DCA Knights A"]
[BlackTeam "Grantham Sharks 2"]

1. c4 Nf6 2. g3 g6 3. Bg2 Bg7 4. Nc3 O-O 5. e4 d6 6. Nge2 c5 7. O-O Nc6 8. d3
Bd7 9. h3 a6 10. Be3 Ne8 11. Rb1 Nd4 12. f4 f5 13. Qd2 Bc6 14. a3 Nc7 15. Nd5
Nce6 16. Ndc3 Nb3 17. Qd1 Ned4 18. Bf2 e6 19. Nxd4 Nxd4 20. Ne2 Nxe2+ 21. Qxe2
1/2-1/2

[Event "4NCL Division 2d"]
[Site "Telford, ENG"]
[Date "2019.03.17"]
[Round "8.83"]
[White "Birtwistle, Nigel"]
[Black "Jennings, Roger W"]
[Result "1-0"]
[WhiteElo "2147"]
[BlackElo "2012"]
[PlyCount "95"]
[EventDate "2019.03.17"]
[WhiteTeam "Grantham Sharks 2"]
[BlackTeam "Bradford DCA Knights A"]

1. d4 g6 2. c4 Bg7 3. Nc3 Nf6 4. e4 d6 5. Nge2 O-O 6. Ng3 e5 7. d5 c6 8. Be2
cxd5 9. cxd5 Bd7 10. h4 h5 11. Bg5 Qb6 12. Rb1 Ng4 13. O-O Na6 14. Qd2 Kh7 15.
b4 f6 16. Bxg4 Bxg4 17. Be3 Qd8 18. Nb5 f5 19. Bg5 Qb6 20. a4 f4 21. Ne2 Bf6
22. Bxf6 Rxf6 23. Nec3 Rc8 24. a5 Qd8 25. Nxa7 Rc4 26. Qd3 Rd4 27. Qb5 Rf7 28.
Nc6 Qxh4 29. Nxd4 exd4 30. f3 dxc3 31. Qb6 Bc8 32. Qxd6 Qg5 33. e5 Rd7 34. Qe6
Rc7 35. Qb6 Qxe5 36. d6 Rc6 37. d7 Bxd7 38. Qxb7 Qc7 39. Qxc7 Rxc7 40. Rfc1 Bb5
41. Rb3 c2 42. Rb2 Rc4 43. Rcxc2 Rxc2 44. Rxc2 Kg7 45. Rd2 Nc7 46. Rd6 g5 47.
Rb6 Kf8 48. Rb7 1-0

[Event "4NCL Division 2d"]
[Site "Telford, ENG"]
[Date "2019.03.17"]
[Round "8.84"]
[White "Ther, Mate"]
[Black "Cumbers, Paul"]
[Result "1-0"]
[WhiteElo "2012"]
[BlackElo "2131"]
[PlyCount "87"]
[EventDate "2019.03.17"]
[WhiteTeam "Bradford DCA Knights A"]
[BlackTeam "Grantham Sharks 2"]

1. e4 e6 2. d4 d5 3. e5 c5 4. c3 Nc6 5. Nf3 Qb6 6. a3 f6 7. b4 fxe5 8. dxe5 Qc7
9. Bf4 Nh6 10. Bd3 Nf7 11. O-O Be7 12. Re1 g5 13. Bg3 h5 14. h3 h4 15. Bh2 Bd7
16. Bg6 Rh6 17. Qc2 Kf8 18. Nbd2 Nh8 19. Bd3 c4 20. Be2 Kg7 21. Nf1 Nf7 22. Ne3
Qb6 23. Ng4 Rg6 24. Qd2 a5 25. Reb1 axb4 26. axb4 Rxa1 27. Rxa1 Na7 28. Bxc4
Bb5 29. Bxb5 Nxb5 30. Qd3 Qc6 31. Rc1 Qb6 32. Kf1 Na3 33. Nd2 Qc6 34. Ra1 Nc4
35. Nxc4 dxc4 36. Qe2 Qd5 37. Ne3 Qd7 38. Qxc4 Nh6 39. Rd1 Qa4 40. Qc7 Kf8 41.
Qxb7 g4 42. hxg4 Nxg4 43. Qf3+ Rf6 44. Qxg4 1-0

[Event "4NCL Division 2d"]
[Site "Telford, ENG"]
[Date "2019.03.17"]
[Round "8.85"]
[White "Tavares, Shawn P"]
[Black "Nicholson, Jim W R"]
[Result "0-1"]
[WhiteElo "2152"]
[BlackElo "1976"]
[PlyCount "68"]
[EventDate "2019.03.17"]
[WhiteTeam "Grantham Sharks 2"]
[BlackTeam "Bradford DCA Knights A"]

1. e4 c6 2. d4 d5 3. exd5 cxd5 4. c4 Nf6 5. Nc3 Nc6 6. Bg5 e6 7. Nf3 Be7 8. Bd3
O-O 9. O-O b6 10. Re1 Bb7 11. a3 dxc4 12. Bxc4 Na5 13. Ba2 h6 14. Bf4 Nd5 15.
Bd2 Rc8 16. Ne5 Nxc3 17. bxc3 Bd5 18. Qg4 Kh8 19. Qh5 Bg5 20. f4 g6 21. Qh3 Bf6
22. Qxh6+ Kg8 23. Bxd5 Qxd5 24. Re3 Bg7 25. Qh4 Nc4 26. Rh3 Rfe8 27. Bc1 b5 28.
Rb1 a5 29. a4 b4 30. Qe1 bxc3 31. Rxc3 Qxd4+ 32. Kh1 Nxe5 33. Rxc8 Rxc8 34. Bb2
Qxf4 0-1

[Event "4NCL Division 2d"]
[Site "Telford, ENG"]
[Date "2019.03.17"]
[Round "8.86"]
[White "Bak, Andrew"]
[Black "Varnam, Liam D"]
[Result "1/2-1/2"]
[WhiteElo "1976"]
[BlackElo "2108"]
[PlyCount "91"]
[EventDate "2019.03.17"]
[WhiteTeam "Bradford DCA Knights A"]
[BlackTeam "Grantham Sharks 2"]

1. e4 c5 2. Nf3 Nc6 3. d4 cxd4 4. Nxd4 Nf6 5. Nc3 e5 6. Ndb5 d6 7. Bg5 a6 8.
Na3 b5 9. Bxf6 gxf6 10. Nd5 f5 11. Bd3 Be6 12. Qh5 Rg8 13. g3 Rg5 14. Qxh7 Bxd5
15. exd5 Ne7 16. O-O-O e4 17. Be2 Qa5 18. Qh8 Rc8 19. Qd4 Rc5 20. Kb1 Nxd5 21.
c4 b4 22. Qd2 Rg6 23. cxd5 Bh6 24. Qe1 bxa3 25. Qxa5 Rxa5 26. b4 Rb5 27. Bxb5+
axb5 28. Kc2 Bg7 29. Kb3 Bb2 30. Rhe1 Kd7 31. Rd2 Rg5 32. Ree2 Rh5 33. h4 Kd8
34. Rxb2 axb2 35. Kxb2 f4 36. Rxe4 fxg3 37. fxg3 Rxd5 38. g4 f5 39. Rf4 fxg4
40. Rxg4 Rd2+ 41. Kb3 Rd3+ 42. Kc2 Rh3 43. Rg5 Rh2+ 44. Kd3 Rh3+ 45. Ke2 Rxh4
46. Rxb5 1/2-1/2

[Event "4NCL Division 2d"]
[Site "Telford, ENG"]
[Date "2019.03.17"]
[Round "8.87"]
[White "Lentzos, Ioanis"]
[Black "McCarthy, Damian"]
[Result "1-0"]
[WhiteElo "2110"]
[BlackElo "1867"]
[PlyCount "83"]
[EventDate "2019.03.17"]
[WhiteTeam "Grantham Sharks 2"]
[BlackTeam "Bradford DCA Knights A"]

1. c4 e6 2. Nc3 d5 3. cxd5 exd5 4. d4 Nf6 5. Bg5 Be7 6. e3 c6 7. Bd3 Nbd7 8.
Qc2 h6 9. Bf4 Nb6 10. Nge2 Bd6 11. O-O O-O 12. Rab1 a5 13. Na4 Nxa4 14. Qxa4
Ne4 15. Bxe4 dxe4 16. Qc2 Re8 17. Bxd6 Qxd6 18. Qc5 Qxc5 19. dxc5 Rd8 20. Rfd1
Bg4 21. Rxd8+ Rxd8 22. Nd4 Be6 23. b3 Kf8 24. h4 Ke7 25. Kh2 Rd5 26. Rc1 Kf6
27. a3 Ke5 28. b4 axb4 29. axb4 Rxd4 30. exd4+ Kxd4 31. Kg3 h5 32. Kf4 Bd5 33.
Rd1+ Kc4 34. Ke3 Kxb4 35. Kd4 e3 36. Rb1+ Ka3 37. fxe3 Bxg2 38. Rg1 Bf3 39.
Rxg7 f5 40. Rxb7 Ka4 41. Ke5 Be4 42. Kf4 1-0

[Event "4NCL Division 2d"]
[Site "Telford, ENG"]
[Date "2019.03.17"]
[Round "8.88"]
[White "Patrick, David A"]
[Black "Milson, Samuel A"]
[Result "0-1"]
[WhiteElo "1888"]
[BlackElo "2096"]
[PlyCount "52"]
[EventDate "2019.03.17"]
[WhiteTeam "Bradford DCA Knights A"]
[BlackTeam "Grantham Sharks 2"]

1. e4 c5 2. c3 e6 3. d4 d5 4. exd5 Qxd5 5. Nf3 Nc6 6. Be3 cxd4 7. Nxd4 a6 8.
Qa4 Bd7 9. Nxc6 Bxc6 10. Qd4 Qh5 11. Nd2 Rd8 12. Qb6 Nf6 13. Be2 Qg6 14. O-O-O
Nd5 15. Qd4 Nb4 16. Qxd8+ Kxd8 17. cxb4 Bxb4 18. Nc4+ Kc8 19. Bf4 b5 20. Ne5
Qe4 21. Nd3 Qxe2 22. Nxb4 Qc4+ 23. Kb1 Qxb4 24. Be3 Bd5 25. Rd4 Qa5 26. b3 Kb7
0-1